Komtesa není na prodej /

Hlavní autor: Stein, Gabriela
Další autoři: Bečvářová, Marie, 1879-1936
Jazyk: Čeština
Vydáno: Praha : I. Železný, 1996
Vydání: Vyd. 1.
Edice: Knihovnička Večerů pod lampou
Na výsluní
Témata:
Externí odkaz: Digitalizovaný dokument
Fyzický popis: 57 s. ; 19 cm
Knihy
Uloženo v:
LEADER 01346nam a2200361 a 4500
001 000073719
003 CZ BrMZK
005 20220120135229.0
007 ta
008 960713s1996 xr g j cze d
015 |a cnb000188991 
020 |a 80-237-3276-5 
035 |a (OCoLC)37252214 
040 |a BOA001  |b cze 
072 7 |a 821-31/-34  |x Milostná, dobrodružná, fantastická próza  |2 Konspekt  |9 25 
080 |a 821-322.5  |2 MRF 
080 |a (0:82-322.5)  |2 MRF 
100 1 |a Stein, Gabriela  |7 jx20040805039  |4 aut 
245 1 0 |a Komtesa není na prodej /  |c Gabriela Steinová ; [z němčiny] přeložila Marie Bečvářová 
250 |a Vyd. 1. 
260 |a Praha :  |b I. Železný,  |c 1996 
300 |a 57 s. ;  |c 19 cm 
490 1 |a Knihovnička Večerů pod lampou ;  |v 2194 
490 1 |a Na výsluní ;  |v 209 (28/96) 
655 7 |a milostné povídky  |7 fd132834  |2 czenas 
700 1 |a Bečvářová, Marie,  |d 1879-1936  |7 jn20000400171  |4 trl 
765 0 |t Ich bin nicht käuflich, Prinz 
830 0 |a Knihovnička Večerů pod lampou 
830 0 |a Na výsluní 
856 4 1 |u http://www.digitalniknihovna.cz/mzk/uuid/uuid:3392b9c0-4609-11e2-9b88-005056827e51  |y Digitalizovaný dokument  |x NDK 
910 |a BOA001  |b 1-1021.874 
990 |a BK 
996 6 |b 2610038199  |c 1-1021.874  |l MZK  |r Sklad / do 1 hodiny  |n 1  |p p.v.  |w 000073719  |u 000010  |a 1  |e BOA001  |j MZK50  |s P